Central Library OPAC University of Rajshahi

Elizabethan theatre. (Record no. 76792)

MARC details
000 -LEADER
fixed length control field 01415cam a2200277 4500
001 - CONTROL NUMBER
control field 76792
003 - CONTROL NUMBER IDENTIFIER
rucl marc code BD-RjUL
005 - DATE AND TIME OF LATEST TRANSACTION
control field 20211209082904.0
008 - FIXED-LENGTH DATA ELEMENTS--GENERAL INFORMATION
fixed length control field 200120s1966 enkf b 000 0 eng
035 ## - SYSTEM CONTROL NUMBER
System control number (BD-RjUL)
040 ## - CATALOGING SOURCE
Original cataloging agency DLC
Transcribing agency DLC
Modifying agency DLC
Language of cataloging eng
041 ## - LANGUAGE CODE
Language code of text/sound track or separate title eng
082 00 - DEWEY DECIMAL CLASSIFICATION NUMBER
Classification number 822.309
Edition number 23
Author mark and year ELI 1966
245 10 - TITLE STATEMENT
Title Elizabethan theatre.
Statement of responsibility, etc. ed. by John Russel Brown and Bernard Harris
260 ## - PUBLICATION, DISTRIBUTION, ETC. (IMPRINT)
Place of publication, distribution, etc. London:
Name of publisher, distributor, etc. Edward Arnold,
Date of publication, distribution, etc. 1966.
300 ## - PHYSICAL DESCRIPTION
Pagination 248 p. :
Illustrations 2 plates.;
Size 23 cm.
504 ## - BIBLIOGRAPHY, ETC. NOTE
Bibliography, etc Includes bibliographies.
505 0# - FORMATTED CONTENTS NOTE
Formatted contents note Elizabethan tragic heroes, by D. J. Palmer.--The Tudor interlude and later Elizabethan drama, by T. W. Craik.--The Spanish tragedy, or The pleasures and perils of rhetoric, by J. A. Barish.--Marlowe the dramatist, by N. Brooke.--Romantic narrative plays: 1570-1590, by P. Russell.--The formal influence of Plautus and Terence, by R. Hosley.--John Lyly and the language of play, by J. Powell.--The court and the dramatists, by M. Jones.--Hackwriting and the Huntingdon plays, by J. C. Meagher.--Ben Jonson: the makings of the dramatist (1596-1602), by E. B. Partridge.
650 #0 - SUBJECT ADDED ENTRY--TOPICAL TERM
Topical term or geographic name as entry element English drama
Chronological subdivision Early modern and Elizabethan, 1500-1600
General subdivision History and criticism.
9 (RLIN) 237924
906 ## - LOCAL DATA ELEMENT F, LDF (RLIN)
a 7
b cbc
c orignew
d u
e opcn
f 19
g y-gencatlg
942 ## - ADDED ENTRY ELEMENTS (KOHA)
Source of classification or shelving scheme Dewey Decimal Classification
Koha item type Books
Holdings
Lost status Source of classification or shelving scheme Damaged status Not for loan Collection code Permanent Location Current Location Shelving location Date acquired Source of acquisition Cost, normal purchase price Total Checkouts Full call number Date last seen Copy number Koha item type
  Dewey Decimal Classification   Not For Loan Non-fiction Central Library, University of Rajshahi Central Library, University of Rajshahi Reading Room 02/07/1968 Swets & Zeitlinger 25.00   822.309 ELI 1966 20/01/2020 C-1 Books
  Dewey Decimal Classification     Non-fiction Central Library, University of Rajshahi Central Library, University of Rajshahi   02/07/1968 Swets & Zeitlinger 25.00   822.309 ELI 1966 20/01/2020 C-2 Books